000 00919nas a2200301 4500
001 BR0805298
003 BR-BrBNA
005 20231205112419.0
007 ta
008 230509b bl.|||p| |||| 00| 00por d
040 _aBR-BrBNA
_bpor
_cBiblioteca Nacional de Agricultura
041 _a(Pt)
072 _aQ03
100 1 _aCosta, A.A.
100 1 _aSouza Júnior, V.M. de
100 1 _aCoelho, A.F.S.
245 1 _aAvaliação microbiológica de saladas de vegetais servidas em restaurantes self-service na cidade de Palmas, TO
650 _aHORTALIÇA FOLHOSA
650 _aALIMENTO
650 _aANÁLISE MICROBIOLÓGICA
650 _aCONTAMINAÇÃO
650 _aSALMONELOSE
650 _aCOLIFORME
650 _aTOCANTINS
773 0 _tHigiene Alimentar (Brazil)
_xISSN 0101-9171
_g(Mar 2008), v. 22(159) p. 27-32
_wBR0805298
909 _a202311
_bLúcia
_c55
_dLúcia Elande
942 _2AGRIS
_n0
_cANA
999 _c197942
_d197942